|
|
|
|
| LEADER |
06386nam a22004333i 4500 |
| 001 |
EBC7246217 |
| 003 |
MiAaPQ |
| 005 |
20231204023229.0 |
| 006 |
m o d | |
| 007 |
cr cnu|||||||| |
| 008 |
231204s2023 xx o ||||0 eng d |
| 020 |
|
|
|a 9783031291876
|q (electronic bk.)
|
| 020 |
|
|
|z 9783031291869
|
| 035 |
|
|
|a (MiAaPQ)EBC7246217
|
| 035 |
|
|
|a (Au-PeEL)EBL7246217
|
| 035 |
|
|
|a (OCoLC)1379442809
|
| 040 |
|
|
|a MiAaPQ
|b eng
|e rda
|e pn
|c MiAaPQ
|d MiAaPQ
|
| 050 |
|
4 |
|a JF1001-1048.52
|
| 082 |
0 |
|
|a 324.6094
|
| 100 |
1 |
|
|a Costa Lobo, Marina.
|
| 245 |
1 |
4 |
|a The Impact of EU Politicisation on Voting Behaviour in Europe.
|
| 250 |
|
|
|a 1st ed.
|
| 264 |
|
1 |
|a Cham :
|b Springer International Publishing AG,
|c 2023.
|
| 264 |
|
4 |
|c ©2023.
|
| 300 |
|
|
|a 1 online resource (358 pages)
|
| 336 |
|
|
|a text
|b txt
|2 rdacontent
|
| 337 |
|
|
|a computer
|b c
|2 rdamedia
|
| 338 |
|
|
|a online resource
|b cr
|2 rdacarrier
|
| 490 |
1 |
|
|a Palgrave Studies in European Union Politics Series
|
| 505 |
0 |
|
|a Intro -- Acknowledgements -- Contents -- Notes on Contributors -- Abbreviations -- List of Figures -- List of Tables -- 1 Holding Europe Accountable Nationally: Media, Parliaments and Voting in Europe -- Introduction -- The Book's Argument -- The Book's Contribution -- EU Politicisation -- Holding the EU Accountable? -- Data Collection -- The Book Chapters -- References -- 2 News vs. Opinion Articles on the European Union: The Politicisation of the EU in the Mainstream Press -- Introduction -- Literature Review -- Research Questions, Data and Methods -- Results -- Conclusion -- Appendix -- References -- 3 Parties Acting Strategically: National Parliaments' Role in Holding the EU Accountable -- Introduction -- Literature Review -- Expectations, Data, and Methods -- Results and Discussion -- Conclusion -- Appendix -- Bibliography -- 4 Polity or Policies? The European Union in Parliamentary Debates and the Media -- Introduction -- Literature Review -- The Politicization of the European Union -- Where is the EU Politicized? -- The Multidimensional Nature of the EU -- Expectations -- Methods and Data -- Results -- Conclusion -- Appendix 4.1 -- Appendix 4.2 -- References -- 5 Experimental Evidence of EU Issue Voting -- EU Issue Voting in Legislative Elections -- Experimental Evidence of EU Issue Voting -- Data and Experimental Design -- Results -- Conclusions -- Appendix -- Table of Contents -- Experiment Material -- Example of Conjoint Round -- Analysis -- Robustness Checks -- Additional Matches -- Alternative "EU Distance" -- Bibliography -- 6 The Left-Right Dimension, Europe and Voting in Bailout Europe -- Introduction -- European Integration Issue Voting Before and After the Crisis -- Southern Europe, the Left-Right Dimension and EU Issue Voting -- EU Issue Voting in Context: The Tone of Parliamentary Debates -- Data and Methods -- Results.
|
| 505 |
8 |
|
|a Conclusions -- Appendix -- References -- 7 EU Issue Voting in Simultaneous Elections: The Case of Belgium -- Introduction -- EU Issue Voting in Context: Belgium as a Least-Likely Case Study -- Politicisation of EU in Media and Parliamentary Debates -- Modelling EU Issue Voting in 2019 -- Results -- Conclusion -- Appendix 1: Full Tables of Models Presented in the Text -- Appendix 2: Replication of the Results Using Vote Intentions (Survey Wave 1) -- References -- 8 The Importance of EU Issues in German Elections -- Introduction -- Politicization of the EU in the German Media and Parliamentary Debates -- The 2021 Elections -- Determinants of German Voting Behaviour in the 2021 Elections -- Data and Methods -- Findings -- Conclusion -- Appendix -- References -- 9 After the Crisis: EU Issue Voting in Greece -- Introduction -- EU Issue Voting in Context -- Politicization of the EU in the Media and Parliamentary Debates -- Modelling EU Issue Voting in 2019 -- Dispute Between Greece and North Macedonia -- Explaining Voting in Greece's 2019 General Elections -- Conclusion -- Appendix -- References -- 10 Salient But Not Polarized: The Role of the EU in the Irish Electoral Arena -- Introduction -- Ireland's Relationship with the EU: Stable Support Despite the Euro Crisis and Brexit -- The Elections of 2020-An End to Irish Exceptionalism? -- Politicization of the EU in the Irish Media and Parliamentary Debates -- The Media -- Parliamentary Debates -- Determinants of Irish Voting Behaviour in the 2020 Elections -- Data and Methodology -- Results -- Conclusions -- Appendix -- References -- 11 Portugal: EU Issue Voting in Mainstream and Challenger Parties -- Introduction -- Parties, Voting and the EU in Portugal -- Studying the EU Across Different Forums: The Case of Portugal -- The 2019 Election Campaign: Media and Parliamentary Data.
|
| 505 |
8 |
|
|a Benchmarking EU Issue Voting in Portugal -- Conclusions -- Appendix -- References -- 12 A Broken National Consensus? EU Issue Voting and the Radical Right in Spain -- Introduction -- Politicization of the EU in Media and Parliamentary Debates -- Did EU Preferences Matter for Voting Decisions? -- Conclusion: European Integration Discourses and EU Issue Voting in Spain -- Appendix -- References -- 13 Consequences of EU Politicisation for Voting in National Elections -- Further Research -- References -- Correction to: A Broken National Consensus? EU Issue Voting and the Radical Right in Spain -- Correction to: Chapter 12 in: M. Costa Lobo (ed.), The Impact of EU Politicisation on Voting Behaviour in Europe, Palgrave Studies in European Union Politics, https://doi.org/10.1007/978-3-031-29187-6_12 -- Index.
|
| 588 |
|
|
|a Description based on publisher supplied metadata and other sources.
|
| 590 |
|
|
|a Electronic reproduction. Ann Arbor, Michigan : ProQuest Ebook Central, 2023. Available via World Wide Web. Access may be limited to ProQuest Ebook Central affiliated libraries.
|
| 655 |
|
4 |
|a Electronic books.
|
| 776 |
0 |
8 |
|i Print version:
|a Costa Lobo, Marina
|t The Impact of EU Politicisation on Voting Behaviour in Europe
|d Cham : Springer International Publishing AG,c2023
|z 9783031291869
|
| 797 |
2 |
|
|a ProQuest (Firm)
|
| 830 |
|
0 |
|a Palgrave Studies in European Union Politics Series
|
| 856 |
4 |
0 |
|u https://ebookcentral.proquest.com/lib/matrademy/detail.action?docID=7246217
|z Click to View
|